000 00424cam a2200181ua 4500
020 _c6.00
041 _aeng
_h
082 _a547
_bBAH/EL
100 _aBahl, B S .
245 _aElementary organic chemistry /
_cB S Bahl.
_hTextual Documents
250 _a9 /
_b.
260 _aNew Delhi :
_bS.Chand and Co ,
_c1964.
300 _a418 ; .
365 _a6.00
504 _a
942 _cBK
999 _c7536
_d7536